Central Library OPAC University of Rajshahi
Normal view MARC view

Entry Topical Term

Number of records used in: 9

001 - CONTROL NUMBER

  • control field: 22

003 - CONTROL NUMBER IDENTIFIER

  • control field: BD-RjUL

005 - DATE AND TIME OF LATEST TRANSACTION

  • control field: 20211209000453.0

008 - FIXED-LENGTH DATA ELEMENTS

  • fixed length control field: 211209|| aca||aabn | a|a d

040 ## - CATALOGING SOURCE

  • Original cataloging agency: BD-RjUL
  • Transcribing agency: BD-RjUL

150 ## - HEADING--TOPICAL TERM

  • Topical term or geographic name entry element: English literature
  • General subdivision: Fiction
  • General subdivision: Miscellaneous

670 ## - SOURCE DATA FOUND

  • Source citation: Work cat.: (BD-RjUL)19727: Eliot, George 60623, Silas Marner, The lifted veil, Brother Jacob,, 1906 [Reprinted 1950]